00000000nam 2200000zi 4500
0019.914358
003CaOODSP
00520230505085147
006m     o  d f      
007cr cn|||||||||
008220812s2022    onc     o    f000 0 fre d
020 |a9780660413501
040 |aCaOODSP|bfre|erda|cCaOODSP
043 |an-cn---
0861 |aCi4-238/2022F-PDF
24500|aProgramme de perfectionnement du service de l'extérieur : |bune portée mondiale, à dimension humaine.
264 1|a[Ottawa] : |bImmigration, Réfugiés et Citoyenneté Canada = Immigration, Refugees and Citizenship Canada, |c2022.
300 |a1 ressource en ligne (1 page)
336 |atexte|btxt|2rdacontent/fre
337 |ainformatique|bc|2rdamedia/fre
338 |aressource en ligne|bcr|2rdacarrier/fre
500 |aPublié aussi en anglais sous le titre : Foreign Service Development Program.
650 6|aEmploi à l'étranger|zCanada.
650 6|aPersonnel|xRecrutement|zCanada.
7101 |aCanada. |bImmigration, réfugiés et citoyenneté Canada, |eorganisme de publication.
77508|tForeign Service Development Program : |w(CaOODSP)9.914357
85640|qPDF|s2.49 Mo|uhttps://publications.gc.ca/collections/collection_2023/ircc/Ci4-238-2022-fra.pdf